MARC details
| 000 -LEADER |
| fixed length control field |
01887nam a2200457 i 4500 |
| 003 - CONTROL NUMBER IDENTIFIER |
| control field |
EG-GICUC |
| 005 - DATE AND TIME OF LATEST TRANSACTION |
| control field |
20260121101439.0 |
| 008 - FIXED-LENGTH DATA ELEMENTS--GENERAL INFORMATION |
| fixed length control field |
251207s1925 fr o|||fr|||| 001 0 fre d |
| 040 ## - CATALOGING SOURCE |
| Original cataloging agency |
EG-GiCUC |
| Language of cataloging |
fre |
| Transcribing agency |
EG-GiCUC |
| Modifying agency |
EG-GiCUC |
| Description conventions |
Rda |
| 041 ## - LANGUAGE CODE |
| Language code of text/sound track or separate title |
fre |
| 082 04 - DEWEY DECIMAL CLASSIFICATION NUMBER |
| Edition number |
21 |
| Classification number |
341.1 |
| Item number |
RE |
| 092 04 - LOCALLY ASSIGNED DEWEY CALL NUMBER (OCLC) |
| Edition number |
21 |
| 099 ## - LOCAL FREE-TEXT CALL NUMBER (OCLC) |
| Classification number |
Law1 11 341.1 RE 1925 |
| 245 00 - TITLE STATEMENT |
| Title |
Recueil des cours. |
| Number of part/section of a work |
1924, Tome 3 |
| 264 #1 - PRODUCTION, PUBLICATION, DISTRIBUTION, MANUFACTURE, AND COPYRIGHT NOTICE |
| Place of production, publication, distribution, manufacture |
Paris : |
| Name of producer, publisher, distributor, manufacturer |
Hachette, |
| Date of production, publication, distribution, manufacture, or copyright notice |
1925. |
| 300 ## - PHYSICAL DESCRIPTION |
| Extent |
473 page : |
| Other physical details |
Photographs ; |
| Dimensions |
24 cm. |
| 336 ## - CONTENT TYPE |
| Source |
rda contenu |
| Content type term |
texte |
| 337 ## - MEDIA TYPE |
| Source |
rda medias |
| Media type term |
Ordinateur |
| 338 ## - CARRIER TYPE |
| Source |
transporteur rda |
| Carrier type term |
Ressource en ligne |
| 490 1# - SERIES STATEMENT |
| Series statement |
Académie de droit international ; |
| Volume/sequential designation |
1924, t.3. |
| 500 ## - GENERAL NOTE |
| General note |
"1924 II." |
| 500 ## - GENERAL NOTE |
| General note |
At head of title: Académie de droit international. |
| 504 ## - BIBLIOGRAPHY, ETC. NOTE |
| Bibliography, etc. note |
Includes bibliographical references and index. |
| 505 ## - FORMATTED CONTENTS NOTE |
| Formatted contents note |
Contient les cours de l'Académie y compris : |
| Title |
La communauté internationale / |
| Statement of responsibility |
par Jesse S. Reeves -- |
| Title |
La théorie anglo-saxonne des conflits de lois / |
| Statement of responsibility |
par Hugh H. L. Bellot -- |
| Title |
Les unions internationales de nature économique / |
| Statement of responsibility |
par Wilhelm Kaufmann -- |
| Title |
Droit et technique des traités de commerce / |
| Statement of responsibility |
par Boris Nolde. |
| 546 ## - LANGUAGE NOTE |
| Language note |
Texte en français |
| 650 14 - SUBJECT ADDED ENTRY--TOPICAL TERM |
| Topical term or geographic name entry element |
Droit international |
| Source of heading or term |
qrmak |
| 650 14 - SUBJECT ADDED ENTRY--TOPICAL TERM |
| Topical term or geographic name entry element |
Communauté internationale |
| Source of heading or term |
qrmak |
| 650 14 - SUBJECT ADDED ENTRY--TOPICAL TERM |
| Topical term or geographic name entry element |
Conflit de lois |
| Source of heading or term |
qrmak |
| 650 14 - SUBJECT ADDED ENTRY--TOPICAL TERM |
| Topical term or geographic name entry element |
Droit international économique |
| Source of heading or term |
qrmak |
| 650 14 - SUBJECT ADDED ENTRY--TOPICAL TERM |
| Topical term or geographic name entry element |
traités de commerce |
| Source of heading or term |
qrmak |
| 651 1# - SUBJECT ADDED ENTRY--GEOGRAPHIC NAME |
| Source of heading or term |
qrmak |
| 700 1# - ADDED ENTRY--PERSONAL NAME |
| Personal name |
Reeves, Jesse Siddall, |
| Dates associated with a name |
1872-1942, |
| Relator term |
Auteur |
| 700 1# - ADDED ENTRY--PERSONAL NAME |
| Personal name |
Bellot, Hugh H. L., |
| Dates associated with a name |
1861-1928 |
| Relator term |
Auteur |
| 700 1# - ADDED ENTRY--PERSONAL NAME |
| Personal name |
Kaufmann, Wilhelm, |
| Dates associated with a name |
1858-1926. |
| Relator term |
Auteur |
| 700 1# - ADDED ENTRY--PERSONAL NAME |
| Personal name |
Nolʹde, B. Ė., |
| Dates associated with a name |
1876-1948, |
| Relator term |
Auteur |
| 710 ## - ADDED ENTRY--CORPORATE NAME |
| Corporate name or jurisdiction name as entry element |
ACADÉMIE DE DROIT INTERNATIONAL. |
| 830 #0 - SERIES ADDED ENTRY--UNIFORM TITLE |
| Uniform title |
recueil des cours ; |
| Volume/sequential designation |
1924, t .3. |
| 856 40 - ELECTRONIC LOCATION AND ACCESS |
| Uniform Resource Identifier |
<a href="https://fll.law.cu.edu.eg/fulltext/bks/B11-05187.pdf">https://fll.law.cu.edu.eg/fulltext/bks/B11-05187.pdf</a> |
| 905 ## - Cataloger and Reviser Names |
| Cataloger Name: |
Rawan khaled |
| Revisor Name: |
Hassnaa |
| 942 ## - ADDED ENTRY ELEMENTS (KOHA) |
| Source of classification or shelving scheme |
Dewey Decimal Classification |
| Suppress in OPAC |
No |
| Koha item type |
Books |
| Edition |
21 |